Myanmar Country Quiz - Statistics

General Stats
  • This quiz has been taken 17 times
  • The average score is 11 of 17
Answer Stats
Hint Answer % Correct
Borders Bangladesh
100%
Main Religion Buddhism
100%
Borders India
100%
Borders Laos
100%
Borders Thailand
100%
Borders China
90%
Main Ally China
90%
Capital Naypyidaw
80%
Main Language Burmese
70%
Independent Since 1948
60%
Number of States 7
60%
Former Part of United Kingdom
60%
Currency Kyat
50%
Global Firepower Rating (out of 145) 37
40%
Current Leader Min Aung Hlaing
30%
Main Export Petroleum
10%
Form of Government Military Dictatorship
0%
No matching quizzes found
Score Distribution
Percent of People with Each Score
Percentile by Number Answered
Your Score History
You have not taken this quiz